Adaptive Traffic Signal Control for Optimal Traffic Flow in Urban Areas of Pakistan / (Record no. 607986)

000 -LEADER
fixed length control field 00473nam a22001577a 4500
003 - CONTROL NUMBER IDENTIFIER
control field NUST
005 - DATE AND TIME OF LATEST TRANSACTION
control field 20240221123946.0
082 ## - DEWEY DECIMAL CLASSIFICATION NUMBER
Classification number 004
100 ## - MAIN ENTRY--PERSONAL NAME
Personal name Majeed, Nausheen
9 (RLIN) 35383
245 ## - TITLE STATEMENT
Title Adaptive Traffic Signal Control for Optimal Traffic Flow in Urban Areas of Pakistan /
Statement of responsibility, etc. Nausheen Majeed
260 ## - PUBLICATION, DISTRIBUTION, ETC.
Linkage MCS
Name of publisher, distributor, etc. Rawalpindi
Date of publication, distribution, etc. 2012
300 ## - PHYSICAL DESCRIPTION
Extent 48 p. ; 30cm
650 ## - SUBJECT ADDED ENTRY--TOPICAL TERM
Source of heading or term Computer Software Engineering-MS-Thesis
700 ## - ADDED ENTRY--PERSONAL NAME
Personal name Dr. Asif Masood
9 (RLIN) 14088
942 ## - ADDED ENTRY ELEMENTS (KOHA)
Source of classification or shelving scheme
Koha item type Thesis
Holdings
Withdrawn status Lost status Source of classification or shelving scheme Damaged status Not for loan Permanent Location Current Location Shelving location Date acquired Full call number Barcode Date last seen Price effective from Koha item type
          Military College of Signals (MCS) Military College of Signals (MCS) Thesis 02/21/2024 004 MCSTCS-578 02/21/2024 02/21/2024 Thesis
© 2023 Central Library, National University of Sciences and Technology. All Rights Reserved.